000 00658nam a22002177a 4500
003 NALT
005 20230209131607.0
008 s2004 eng d
020 _a9744490896
040 _aNALT
041 _aeng
050 _aJQ 1745.A5
_bT52 2004
245 0 0 _aThai politics :
_bglobal and local perspectives /
_cEdited by Michael H.Nelson.
260 _aNonthaburi :
_bKing Prajadhipok's Institute,
_c2004
300 _a613 p. :
_bill. ;
_c21 cm.
650 4 _aLocal government
_930452
_zThailand
651 4 _910798
_aThailand
_xPolitics and government
700 1 _aNelson, Michael H.
_960113
850 _aNALT
942 _cGB
_2lcc
999 _c49068
_d49068
998 _j109
_k นางสาวอารีรัตน์ วิชาช่าง